Biblical Names - No Vowels (Randomized) - Statistics

General Stats
  • This quiz has been taken 261 times
  • The average score is 15 of 20
Answer Stats
No vowels Name % Correct
BNJMN Benjamin
95%
DVD David
95%
MTTHW Matthew
95%
PTR Peter
95%
GBRL Gabriel
94%
JSPH Joseph
94%
SLMN Solomon/Salmon
92%
JNH Jonah
90%
JCB Jacob
89%
RBCC Rebecca
89%
SMSN Samson
89%
DBRH Deborah
88%
THMS Thomas
88%
LZRS Lazarus
87%
JSS Jesus
86%
JSH Joshua
85%
JB Job
84%
BRHM Abraham
83%
DNL Daniel
83%
DLLH Delilah
83%
RCHL Rachel
82%
SRH Sarah
82%
GLTH Goliath
81%
NH Noah
79%
SML Samuel
78%
HRD Herod
70%
MR MGDLN Mary Magdalene
68%
MSS Moses
68%
CN Cain
67%
V Eve
64%
BL Abel
60%
LJH Elijah
53%
DM Adam
49%
MTHSLH Methuselah
49%
NBCHDNZZR Nebuchadnezzar
49%
PLT Pilate
49%
SC Isaac
38%
SHM Shem
32%
No matching quizzes found
Score Distribution
Percent of People with Each Score
Percentile by Number Answered
Your Score History
You have not taken this quiz